| 000 | 00500nam a22001817a 4500 | ||
|---|---|---|---|
| 003 | CEME | ||
| 005 | 20210628203131.0 | ||
| 008 | 210120b xxu||||| |||| 00| 0 eng d | ||
| 020 | _a81-7758-919-9 | ||
| 040 | _c. | ||
| 082 | _a621.3678 JEN | ||
| 100 |
_aJensen, John.R _929676 |
||
| 245 | _aRemote sensing of the environment, an earth resource perspective | ||
| 260 |
_aINDIA _bPEARSON EDUCATION ASIA _c2006 |
||
| 300 | _a560P | ||
| 650 |
_aREMOTE SENSING- ENVIRONMENT _963527 |
||
| 942 |
_cBK _2ddc |
||
| 999 |
_c572320 _d572320 |
||